Interrelationships between health programmes and socio-economic development
Gardado en:
| Formato: | Libro |
|---|---|
| Idioma: | Undetermined |
| Publicado: |
Geneva
World Health Oranization
1973
|
| Những chủ đề: | |
| Các nhãn: |
Engadir etiqueta
Sen Etiquetas, Sexa o primeiro en etiquetar este rexistro!
|
| Thư viện lưu trữ: | Trung tâm Học liệu Trường Đại học Cần Thơ |
|---|
| LEADER | 00480nam a2200157Ia 4500 | ||
|---|---|---|---|
| 001 | CTU_83077 | ||
| 008 | 210402s9999 xx 000 0 und d | ||
| 082 | |a 338.9 | ||
| 082 | |b I.61/ Vol.49 | ||
| 245 | 0 | |a Interrelationships between health programmes and socio-economic development | |
| 260 | |a Geneva | ||
| 260 | |b World Health Oranization | ||
| 260 | |c 1973 | ||
| 650 | |a Economic development | ||
| 904 | |i QHieu(sửa) | ||
| 980 | |a Trung tâm Học liệu Trường Đại học Cần Thơ | ||